000 01827nam0a22003971 4500
001 v19\rc\1354041
005 20260407011637.0
035 _a(NLR Aleph) 004562460
090 _a2291727
_c2291727
100 _a20060512d1864 |||y0rusy50 ca
101 0 _arus
102 _aRU
105 _ay b |||||
200 1 _aХроника Смольного монастыря в царствование императрицы Екатерины II
_eС прил.
_eТруд одной из воспитанниц Имп. воспит. о-ва Нины Р-ой
210 _aСанкт-Петербург
_cтип. 2 отд-ния собств. е. и. в. канцелярии
_d1864
215 _a[2], 116 с.
_d26
300 _aНа тит. л.: К столетнему юбилею императорского воспитательного общества благородных девиц
300 _aАвт. установлен по изд.: Масанов И.Ф. Словарь псевдонимов... М., 1958. Т. 3. С. 15
700 1 _aРаспопова
_bН.Н.
_f-1905
_gНина Николаевна
712 0 2 _aСмольный женский монастырь
_cПетербург
712 0 2 _aСмольный институт
_cПетербург
_3RU\NLR\AUTH\889999038
_9495491
790 1 _aРаспопова
_bН.Н.
_f-1865
_gНина Николаевна
790 1 _aР-ова
_bН.
_f-1905
_gНина
801 0 _aRU
_bNLR
_gpsbo
801 0 _aRU
_bRuMoRGB
_2psbo
801 1 _aRU
_bProSoft-M
_2rusmarc
852 _aNLR
_j18.53.4.19
852 _aNLR
_bМф
_jК1/22647
899 _aRuMoRGB
_jU 298/291
899 _aRuMoRGB
_jU 116/135
899 _aRuMoRGB
_jA 88/114
899 _aRuMoRGB
_jE 53/18
899 _aRuMoRGB
_j801-91/9808-9
899 _aГПИБ
942 _cBOOK
980 _aNB